Investment in human resources and manpower Planning ./ (Record no. 113403)

MARC details
000 -LEADER
fixed length control field 00484nam a22001697a 4500
003 - CONTROL NUMBER IDENTIFIER
control field BD-ChCU
005 - DATE AND TIME OF LATEST TRANSACTION
control field 20260618094303.0
008 - FIXED-LENGTH DATA ELEMENTS--GENERAL INFORMATION
fixed length control field 260618b bg ||||| |||| 00| 0 ben d
040 ## - CATALOGING SOURCE
Transcribing agency BD-ChCU
082 ## - DEWEY DECIMAL CLASSIFICATION NUMBER
Classification number 331.11 UNI
100 ## - MAIN ENTRY--PERSONAL NAME
Personal name UNITED Nations .
9 (RLIN) 23842
245 ## - TITLE STATEMENT
Title Investment in human resources and manpower Planning ./
Statement of responsibility, etc. UNITED Nations .
260 ## - PUBLICATION, DISTRIBUTION, ETC.
Place of publication, distribution, etc. New York :
Name of publisher, distributor, etc. United Nations ,
Date of publication, distribution, etc. C 1971
300 ## - PHYSICAL DESCRIPTION
Extent v , 165p.
650 #0 - SUBJECT ADDED ENTRY--TOPICAL TERM
Topical term or geographic name entry element Labour supply .
9 (RLIN) 23844
942 ## - ADDED ENTRY ELEMENTS (KOHA)
Source of classification or shelving scheme Dewey Decimal Classification
Koha item type Books
Suppress in OPAC No
Holdings
Withdrawn status Lost status Source of classification or shelving scheme Damaged status Not for loan Home library Current library Shelving location Date acquired Source of acquisition Total Checkouts Full call number Barcode Date last seen Copy number Price effective from Koha item type
    Dewey Decimal Classification     Chittagong University Library Chittagong University Library Business and Social Science Reading Room 18/06/2026 Purchase   331.11 UNI 23327 18/06/2026 C-1 18/06/2026 Books
© Copyright 2026. Chittagong University Library, Installation and Maintenance by Prof. Dr. Md. Alamgir, 01711306253